000 00691nam a2200229 a 4500
008 951123s1983||||[C 0 slo c
020 _c40 Kčs.
_q(29700 výtl.)
040 _aSNK
_bslo
_cSNK
_eAACR2
041 1 _aslo
_heng
044 _axo
_cSK
080 _a820-3
100 1 _aLa Mure, Pierre
_4aut
245 1 0 _aŽivot mony Lisy
_cPierre La Mure ; Magda Žáryová, Karol Rosmány
250 _a1., vyd.
260 _aBratislava
_bSmena
_c1983
_eBratislava
_fPravda
300 _a381 s., 23,23 AH
_c21 cm
490 0 _aEva
_vZv. 84.
500 _aIlustr. na predsádke. Rozlož. tit. list. Pozn.
700 1 _aŽáryová, Magda
_4trl
700 1 _aRosmány, Karol
_4bkd
958 _aA
999 _c12277
_d12277